00889nam a22002175i 4500001000700000003000900007005001700016008004100033080001700074080002900091100003700120245013300157260003700290300002100327595004800348600003600396651003700432852003500469999001900504952014800523169380ES-MaACL20230906214057.0080904s1974 ag |||| | spa d a913(899)"18" a929 Lastarria, Miguel de1 aAbadie-Aicardi, Aníbal,91795213aEl Uruguay en los albores del siglo XIX b: su "Breve descripción" por el Dr. Miguel de Lastarría / cAnibal Abadie-Aicardi. aBuenos Aires : b[s.n.], c1974. a11 p. ; c24 cm. aSeparata de: Nuestra historia. N. 13 (1974)14aLastarría, Miguel de.9138469 4aUruguay-xDescripción.9138393 aES-MaACLj2234-F-17 9R.143885 c169380d169380 001040708Colección_de_folletosaATENEOMbATENEOMcDEPOFd2008-09-04eDONl0o2234-F-17p1177824r2023-02-23 00:00:00w2023-02-23yFOLLETOS